|
|
|
|
| LEADER |
01302nam a2200337 a 4500 |
| 001 |
38317 |
| 003 |
BD-DhAAL |
| 005 |
20220407120106.0 |
| 008 |
220407t1996 enk b 001 0 eng d |
| 999 |
|
|
|c 44015
|d 44015
|
| 010 |
|
|
|a 00698190
|
| 020 |
|
|
|a 0745307469
|
| 035 |
|
|
|a (OCoLC)ocm34908370
|
| 040 |
|
|
|a CGU
|c CGU
|d GZM
|d UIU
|d DLC
|d BD-DhAAL
|
| 042 |
|
|
|a lccopycat
|
| 050 |
0 |
0 |
|a GN397.5
|b .G37 1996
|
| 082 |
|
|
|a 301.2
|
| 100 |
1 |
|
|a Gardner, Katy,
|d 1964-
|9 47814
|
| 245 |
1 |
0 |
|a Anthropology, development, and the post-modern challenge /
|c Katy Gardner and David Lewis.
|
| 260 |
|
|
|a London ;
|a Sterling, Va. :
|b Pluto Press,
|c c1996.
|
| 300 |
|
|
|a xvi, 192 pages ;
|c 22 cm.
|
| 490 |
|
|
|a Anthropology, culture, and society
|
| 504 |
|
|
|a Includes bibliographical references (pages 174-185).
|
| 541 |
|
|
|a Donated By Akbar Ali Khan
|e 38317
|
| 650 |
|
0 |
|a Applied anthropology.
|9 47815
|
| 650 |
|
0 |
|a Economic development
|x Social aspects.
|9 47816
|
| 700 |
1 |
|
|a Lewis, David,
|d 1960-
|9 47817
|
| 830 |
|
|
|a Anthropology, culture, and society
|9 47818
|
| 852 |
|
|
|a Ayesha Abed Library
|c Akbar Ali Khan Collection
|
| 942 |
|
|
|2 ddc
|c BK
|
| 952 |
|
|
|0 0
|1 0
|2 ddc
|4 0
|6 301_200000000000000_GAR
|7 1
|9 70412
|a BRACUL
|b BRACUL
|c AAKC
|d 2022-04-07
|e Donated by Akbar Ali Khan
|l 0
|o 301.2 GAR
|p 3010038317
|r 2022-04-07
|t 1
|w 2022-04-07
|y BK
|